[Event "BIH-ch-T"]
[Site "Sarajevo"]
[Date "2013.06.23"]
[Round "9.3"]
[White "Arapovic, Vitomir"]
[Black "Bogut, Zeljko"]
[Result "1-0"]
[WhiteElo "2356"]
[BlackElo "2437"]
[PlyCount "61"]
[EventDate "2013.06.15"]

1. e4 c5 2. Nf3 d6 3. d4 cxd4 4. Nxd4 Nf6 5. Nc3 a6 6. h3 e5 7. Nde2 h6 8. g4
Be6 9. Bg2 Nbd7 10. Ng3 g6 11. O-O h5 12. g5 h4 13. Nf5 gxf5 14. exf5 Bc4 15.
Re1 Nh5 16. Bxb7 Rb8 17. Bf3 Ng7 18. b3 Qc8 19. bxc4 Qxc4 20. Ne4 Nxf5 21. Bg4
Nd4 22. c3 Nb5 23. a4 Nc7 24. Qxd6 Ne6 25. Nf6+ Nxf6 26. Qxb8+ Kd7 27. gxf6 Rg8
28. Qb7+ Ke8 29. Qe4 Qxc3 30. Be3 Ng5 31. Qa8+ 1-0

[Event "BIH-ch-T"]
[Site "Sarajevo"]
[Date "2013.06.23"]
[Round "9.3"]
[White "Dimitrijevic, Aleksandra"]
[Black "Jovovic, Milan"]
[Result "1-0"]
[WhiteElo "2262"]
[BlackElo "1879"]
[PlyCount "67"]
[EventDate "2013.06.15"]

1. d4 Nf6 2. c4 e6 3. g3 g6 4. Bg2 Bg7 5. Nc3 d5 6. Nf3 c6 7. O-O O-O 8. b3
Nbd7 9. Bb2 Re8 10. Qc2 b6 11. Rfd1 Bb7 12. Rac1 Qe7 13. Qb1 Rac8 14. Qa1 Ne4
15. e3 g5 16. Nxe4 dxe4 17. Nd2 f5 18. f3 exf3 19. Bxf3 Nf6 20. Re1 g4 21. Bg2
c5 22. Bxb7 Qxb7 23. dxc5 Re7 24. Bxf6 Rd7 25. Nf1 bxc5 26. Bxg7 Rxg7 27. Qe5
Rg6 28. Rcd1 Rf8 29. Rd6 Qf7 30. Qxc5 h5 31. Red1 h4 32. Rd8 Rxd8 33. Rxd8+ Kg7
34. Qd4+ 1-0

[Event "BIH-ch-T"]
[Site "Sarajevo"]
[Date "2013.06.23"]
[Round "9.4"]
[White "Predojevic, Borki"]
[Black "Bejtovic, Jasmin"]
[Result "1/2-1/2"]
[WhiteElo "2616"]
[BlackElo "2397"]
[PlyCount "33"]
[EventDate "2013.06.15"]

1. g3 g6 2. Bg2 Bg7 3. c4 Nf6 4. Nc3 O-O 5. e3 c5 6. Nge2 Nc6 7. O-O e6 8. d4
cxd4 9. Nxd4 d5 10. cxd5 Nxd4 11. exd4 Nxd5 12. Nxd5 exd5 13. Be3 Be6 14. Qb3
Qb6 15. Qxb6 axb6 16. Rfc1 Rfc8 17. a3 1/2-1/2

[Event "BIH-ch-T"]
[Site "Sarajevo"]
[Date "2013.06.23"]
[Round "9.4"]
[White "Rasidovic, Sead"]
[Black "Nikolic, Predrag"]
[Result "0-1"]
[WhiteElo "2381"]
[BlackElo "2612"]
[PlyCount "72"]
[EventDate "2013.06.15"]

1. e4 e6 2. d4 d5 3. Nc3 Bb4 4. exd5 exd5 5. Bd3 Nf6 6. Nge2 O-O 7. f3 c5 8.
dxc5 Bxc5 9. Bg5 Nc6 10. Qd2 h6 11. Bh4 Re8 12. Nd1 Ne5 13. Bf2 Bxf2+ 14. Nxf2
Qb6 15. b3 Bd7 16. a4 Nxd3+ 17. Nxd3 Rac8 18. Kf1 Bf5 19. Ne1 d4 20. Nxd4 Bg6
21. a5 Qc5 22. Ra4 Nd5 23. Kf2 Nc3 24. Rc4 Qxa5 25. b4 Qa3 26. Rxc8 Rxc8 27.
Nd3 Bxd3 28. Qxd3 Qxb4 29. Nf5 Qc5+ 30. Kg3 Re8 31. Kh3 g6 32. Nxh6+ Kg7 33.
Ng4 f5 34. Nf2 Nd5 35. Qd2 Rh8+ 36. Kg3 f4+ 0-1

[Event "BIH-ch-T"]
[Site "Sarajevo"]
[Date "2013.06.23"]
[Round "9.4"]
[White "Terzic, Ilijas"]
[Black "Stojanovic, Dalibor"]
[Result "1/2-1/2"]
[WhiteElo "2213"]
[BlackElo "2514"]
[PlyCount "50"]
[EventDate "2013.06.15"]

1. d4 Nf6 2. Nf3 g6 3. c4 Bg7 4. Nc3 O-O 5. e4 d6 6. Be2 Nbd7 7. e5 Ne8 8. exd6
cxd6 9. O-O Nc7 10. Be3 d5 11. c5 b6 12. cxb6 Nxb6 13. Bf4 Bg4 14. Rc1 Ne6 15.
Be5 Bxf3 16. Bxf3 Bxe5 17. dxe5 Nc7 18. Re1 e6 19. b3 Qe7 20. Ne2 Qd7 21. Qd2
Rfc8 22. a4 Ne8 23. Nd4 Rxc1 24. Rxc1 Rc8 25. a5 Na8 1/2-1/2

[Event "BIH-ch-T"]
[Site "Sarajevo"]
[Date "2013.06.23"]
[Round "9.5"]
[White "Kamberovic, Senad"]
[Black "Bogosavljevic, Boban"]
[Result "1/2-1/2"]
[WhiteElo "2255"]
[BlackElo "2548"]
[PlyCount "101"]
[EventDate "2013.06.15"]

1. d4 Nf6 2. Nf3 e6 3. e3 c5 4. Bd3 Nc6 5. O-O d5 6. b3 Bd6 7. Bb2 Qc7 8. dxc5
Bxc5 9. c4 dxc4 10. Bxc4 O-O 11. Nc3 b6 12. Rc1 Bb7 13. Qe2 Ng4 14. Nb5 Qb8 15.
h3 Nf6 16. Rfd1 a6 17. Nbd4 Nxd4 18. Nxd4 Qa7 19. b4 Be7 20. b5 axb5 21. Nxb5
Qb8 22. Bb3 Ba6 23. a4 Rd8 24. Qc4 Rxd1+ 25. Rxd1 Qe8 26. Bd4 Rc8 27. Qe2 Bxb5
28. Qxb5 Qxb5 29. axb5 Nd7 30. Ra1 Bc5 31. Ra7 Bxd4 32. exd4 Rd8 33. Ba2 Kf8
34. d5 Ke7 35. dxe6 fxe6 36. Bb1 h6 37. Be4 Kf6 38. Rc7 Nc5 39. Bf3 Rd6 40. Bc6
Rd1+ 41. Kh2 Rd2 42. Be8 g5 43. Rc6 Na4 44. Kg1 Rd8 45. Bh5 Ke5 46. Bg4 Rd6 47.
Rc7 Kd5 48. Bf3+ Kd4 49. Rc6 Ke5 50. Rc8 Kd4 51. Rc6 1/2-1/2

[Event "BIH-ch-T"]
[Site "Sarajevo"]
[Date "2013.06.23"]
[Round "9.5"]
[White "Kovacevic, Aleksandar"]
[Black "Konjicanin, Muris"]
[Result "1-0"]
[WhiteElo "2557"]
[BlackElo "2286"]
[PlyCount "63"]
[EventDate "2013.06.15"]

1. e4 e6 2. d4 d5 3. Nd2 dxe4 4. Nxe4 Nd7 5. Nf3 Ngf6 6. Nxf6+ Nxf6 7. g3 Be7
8. Bg2 O-O 9. O-O c5 10. dxc5 Bxc5 11. Qe2 Qc7 12. Ne5 Nd7 13. Nc4 Nb6 14. Bf4
Qe7 15. Rad1 Nxc4 16. Qxc4 a5 17. Rfe1 Ra6 18. Rd3 b5 19. Qxb5 Rb6 20. Qxa5
Rxb2 21. Rc1 e5 22. Be3 Bb4 23. Qa4 Bf5 24. Rb3 Bxc2 25. Qxb4 Qxb4 26. Rxb4
Rxb4 27. Rxc2 Rd8 28. Bc6 f5 29. Kg2 Kf7 30. a4 Ke6 31. a5 f4 32. Bc5 1-0

[Event "BIH-ch-T"]
[Site "Sarajevo"]
[Date "2013.06.23"]
[Round "9.5"]
[White "Zlobec, Srdjan"]
[Black "Dumpor, Atif"]
[Result "1/2-1/2"]
[WhiteElo "2045"]
[BlackElo "2357"]
[PlyCount "24"]
[EventDate "2013.06.15"]

1. d4 Nf6 2. Nf3 d5 3. Bf4 e6 4. e3 c5 5. c3 Nc6 6. Nbd2 Be7 7. h3 O-O 8. Be2
Ne4 9. Nxe4 dxe4 10. Nd2 cxd4 11. cxd4 f5 12. O-O Bg5 1/2-1/2

[Event "BIH-ch-T"]
[Site "Sarajevo"]
[Date "2013.06.23"]
[Round "9.5"]
[White "Bilic, Vladimir"]
[Black "Mehmedovic, Mirza"]
[Result "1-0"]
[WhiteElo "2290"]
[BlackElo "2225"]
[PlyCount "71"]
[EventDate "2013.06.15"]

1. e4 c6 2. d4 g6 3. Nf3 d5 4. Nbd2 Bg4 5. c3 e6 6. Qb3 Qb6 7. Ne5 Qxb3 8. axb3
Bh5 9. exd5 exd5 10. g4 f6 11. gxh5 fxe5 12. dxe5 g5 13. h3 Bg7 14. Nf3 h6 15.
Bd3 Ne7 16. O-O O-O 17. Kg2 Nd7 18. Re1 Nc5 19. Bc2 Nf5 20. Re2 Ne6 21. Ra4 Ne7
22. Rg4 Rxf3 23. Kxf3 Rf8+ 24. Kg2 Nf5 25. f4 gxf4 26. Bxf4 Kh8 27. Bd2 c5 28.
Rf2 Ne7 29. Rxf8+ Bxf8 30. b4 c4 31. Bg6 Kg7 32. Be8+ Kh7 33. Be3 b6 34. Bf7
Nd8 35. e6 Bg7 36. b5 1-0

[Event "BIH-ch-T"]
[Site "Sarajevo"]
[Date "2013.06.23"]
[Round "9.5"]
[White "Colpa, Husein"]
[Black "Batinic, Predrag"]
[Result "0-1"]
[WhiteElo "1952"]
[BlackElo "2312"]
[PlyCount "80"]
[EventDate "2013.06.15"]

1. d4 Nf6 2. c4 e6 3. Nc3 d5 4. e3 Be7 5. Nf3 O-O 6. a3 Nbd7 7. Be2 dxc4 8.
Bxc4 c5 9. O-O Qc7 10. Qe2 cxd4 11. exd4 Nb6 12. Bd3 Rd8 13. Rd1 Bd7 14. Bg5
Bc6 15. Rac1 h6 16. Bh4 Qf4 17. Bg3 Qg4 18. Ne5 Qxe2 19. Bxe2 Bd5 20. Nxd5
Nfxd5 21. h4 Bd6 22. Bh2 Rac8 23. Bf3 Be7 24. Bxd5 Nxd5 25. Nf3 g5 26. hxg5
hxg5 27. g4 Nf6 28. Bc7 Rd7 29. Be5 Rxc1 30. Rxc1 Nxg4 31. Rc8+ Kh7 32. Rh8+
Kg6 33. Bb8 a6 34. Ba7 Bd8 35. Kg2 Kg7 36. Re8 Nf6 37. Ne5 Rd6 38. Nc4 Nxe8 39.
Nxd6 Nxd6 40. b3 Nb5 0-1

[Event "BIH-ch-T"]
[Site "Sarajevo"]
[Date "2013.06.23"]
[Round "9.5"]
[White "Stanisic, Vlajko"]
[Black "Alihodzic, Muzafer"]
[Result "1-0"]
[WhiteElo "2009"]
[BlackElo "2074"]
[PlyCount "79"]
[EventDate "2013.06.15"]

1. e4 c6 2. e5 d5 3. exd6 exd6 4. g3 d5 5. Bg2 Nf6 6. Ne2 Bf5 7. d3 Nbd7 8. O-O
h6 9. Nd4 Bh7 10. Re1+ Be7 11. Qe2 Kf8 12. Nc3 Bd6 13. a4 a5 14. Nb3 Qc7 15.
Bd2 Bg6 16. f3 h5 17. f4 h4 18. Bf3 hxg3 19. hxg3 Nh5 20. Kg2 f5 21. Nd4 Nc5
22. Ne6+ Nxe6 23. Qxe6 Nf6 24. Rh1 Rg8 25. Qe2 Qb6 26. b3 Bc5 27. Rae1 Re8 28.
Qd1 Rxe1 29. Rxe1 Kf7 30. Ne2 Re8 31. Ng1 Be3 32. Nh3 d4 33. Ng5+ Kf8 34. Rh1
Qc5 35. Rh8+ Ke7 36. Rxe8+ Bxe8 37. Qe2 Qxc2 38. Bb4+ axb4 39. Qxc2 Nd5 40.
Bxd5 1-0